A rendszerváltó miniszterelnök Antall József külpolitikai gondolkodása
| Szerző: | |
|---|---|
| További közreműködők: | |
| Dokumentumtípus: | Diplomadolgozat |
| Kulcsszavak: | Antall József diplomácia külpolitika külpolitikai gondolkodás rendszerváltás |
| Online Access: | http://dolgozattar.uni-bge.hu/58752 |
MARC
| LEADER | 00000nta a2200000 i 4500 | ||
|---|---|---|---|
| 001 | dolg58752 | ||
| 005 | 20251027142347.0 | ||
| 008 | 251027suuuu hu om 000 hun d | ||
| 040 | |a BGE Dolgozattár Repozitórium |b hun | ||
| 041 | |a hu | ||
| 100 | 1 | |a Petróczi Tamás Bálint | |
| 245 | 1 | 2 | |a A rendszerváltó miniszterelnök Antall József külpolitikai gondolkodása |c Petróczi Tamás Bálint |h [elektronikus dokumentum] |
| 520 | 3 | |a A szakdolgozatomban azt vizsgáltam, hogyan alakult ki Antall József külpolitikai gondolkodása, és hogy a rendszerváltoztatás után sikerült-e megvalósítani az elképzeléseit. Különösen fontosnak tartottam annak feltárását, hogy történelmi tudása, politikai szemlélete és személyes tapasztalatai, "példaképei" milyen hatással voltak döntéseire. Elemzésem során bemutattam a korszak pártjainak külpolitikai elképzeléseit. Központi kérdésem az volt, hogy: megvalósult-e az Antall-i külpolitikai gondolkodás? Arra jutottam, hogy Antall József legfontosabb külpolitikai alapvetése: a nemzeti szuverenitás, a nyugati integráció, a külhoni magyarok helyzetének képviselete hosszú távon döntően megvalósultak. Számomra a dolgozat írása során egyértelművé vált, hogy Antall József külpolitikai gondolkodása nemcsak a múlt tanulsága, hanem a jelen számára is iránytű lehet. | |
| 695 | |a Antall József | ||
| 695 | |a diplomácia | ||
| 695 | |a külpolitika | ||
| 695 | |a külpolitikai gondolkodás | ||
| 695 | |a rendszerváltás | ||
| 700 | 1 | |a Horváth Béla |e ths | |
| 700 | 1 | |a Sáringer Dr. habil János |e ths | |
| 856 | 4 | 0 | |u http://dolgozattar.uni-bge.hu/58752/1/Szakdolgozat.pdf |z Dokumentum-elérés |
| 856 | 4 | 0 | |u http://dolgozattar.uni-bge.hu/58752/2/PETR%C3%93CZI%20TAM%C3%81S%20szakdolgozat%20-%20B%C3%8DR%C3%81LAT.pdf |z Dokumentum-elérés |
| 856 | 4 | 0 | |u http://dolgozattar.uni-bge.hu/58752/3/Petr%C3%B3czi%20Tam%C3%A1s_b%C3%ADr%C3%A1lati%20lap.pdf |z Dokumentum-elérés |